| 000 | 00628nam a2200229 a 4500 | ||
|---|---|---|---|
| 008 | |||
| 020 | _a8120308042 (pbk.) | ||
| 049 | _aMAIN | ||
| 090 | _aTA330 SAS | ||
| 100 | 1 | _aSastry, S. S. | |
| 245 | 1 | 0 |
_aEngineering mathematics. _nVolume 1 / _cS. S. Sastry. |
| 250 | _a2nd ed. | ||
| 260 |
_aNew Delhi : _bPrentice Hall , _c2002. |
||
| 300 |
_av. 1,xiv, 630 p. ; _c24 cm. |
||
| 500 | _aIncludes index. | ||
| 650 | 0 | _aEngineering mathematics. | |
| 907 |
_a.b10208550 _b07-08-06 _c01-08-06 |
||
| 003 | |||
| 005 | 20230123134230.0 | ||
| 040 | _cNUST | ||
| 942 |
_cBOOKS _kTA330 SAS |
||
| 999 |
_c162335 _d162335 |
||